<?xml version="1.0" encoding="UTF-8"?>
<collection xmlns="http://www.loc.gov/MARC21/slim">
 <record>
  <leader>03212nam a22006017a 4500</leader>
  <controlfield tag="001">000244391</controlfield>
  <controlfield tag="003">CZ-PrVSE</controlfield>
  <controlfield tag="005">20140630121619.0</controlfield>
  <controlfield tag="007">ta</controlfield>
  <controlfield tag="008">131017s2013    xr d   fr     000 0 cze d</controlfield>
  <datafield tag="015" ind1=" " ind2=" ">
   <subfield code="a">cnb002520959</subfield>
  </datafield>
  <datafield tag="020" ind1=" " ind2=" ">
   <subfield code="a">978-80-245-1956-2</subfield>
   <subfield code="q">(brož.)</subfield>
  </datafield>
  <datafield tag="035" ind1=" " ind2=" ">
   <subfield code="a">(OCoLC)867821812</subfield>
  </datafield>
  <datafield tag="040" ind1=" " ind2=" ">
   <subfield code="a">ABA006</subfield>
   <subfield code="b">cze</subfield>
   <subfield code="c">ABA006</subfield>
   <subfield code="d">ABA006</subfield>
  </datafield>
  <datafield tag="072" ind1=" " ind2="7">
   <subfield code="a">314</subfield>
   <subfield code="x">Demografie. Populace</subfield>
   <subfield code="2">Konspekt</subfield>
   <subfield code="9">18</subfield>
  </datafield>
  <datafield tag="072" ind1=" " ind2="9">
   <subfield code="a">304</subfield>
   <subfield code="x">Factors affecting social behavior</subfield>
   <subfield code="2">Conspectus</subfield>
   <subfield code="9">18</subfield>
  </datafield>
  <datafield tag="080" ind1=" " ind2=" ">
   <subfield code="a">314</subfield>
   <subfield code="2">MRF</subfield>
  </datafield>
  <datafield tag="080" ind1=" " ind2=" ">
   <subfield code="a">314.116-026.24</subfield>
   <subfield code="2">MRF</subfield>
  </datafield>
  <datafield tag="080" ind1=" " ind2=" ">
   <subfield code="a">314.15</subfield>
   <subfield code="2">MRF</subfield>
  </datafield>
  <datafield tag="080" ind1=" " ind2=" ">
   <subfield code="a">(07)</subfield>
   <subfield code="2">MRF</subfield>
  </datafield>
  <datafield tag="099" ind1=" " ind2="9">
   <subfield code="a">314LAN</subfield>
  </datafield>
  <datafield tag="100" ind1="1" ind2=" ">
   <subfield code="a">Langhamrová, Jitka,</subfield>
   <subfield code="d">1958-</subfield>
   <subfield code="7">xx0000306</subfield>
   <subfield code="4">aut</subfield>
  </datafield>
  <datafield tag="245" ind1="1" ind2="0">
   <subfield code="a">Základy demografie :</subfield>
   <subfield code="b">(materiály ke cvičením) /</subfield>
   <subfield code="c">Jitka Langhamrová, Ondřej Šimpach</subfield>
  </datafield>
  <datafield tag="250" ind1=" " ind2=" ">
   <subfield code="a">Vyd. 1.</subfield>
  </datafield>
  <datafield tag="260" ind1=" " ind2=" ">
   <subfield code="a">Praha :</subfield>
   <subfield code="b">Oeconomica,</subfield>
   <subfield code="c">2013</subfield>
  </datafield>
  <datafield tag="300" ind1=" " ind2=" ">
   <subfield code="a">121 s. :</subfield>
   <subfield code="b">il.</subfield>
  </datafield>
  <datafield tag="500" ind1=" " ind2=" ">
   <subfield code="a">Nad názvem: Vysoká škola ekonomická v Praze, Fakulta informatiky a statistiky</subfield>
  </datafield>
  <datafield tag="504" ind1=" " ind2=" ">
   <subfield code="a">Obsahuje bibliografii</subfield>
  </datafield>
  <datafield tag="521" ind1="8" ind2=" ">
   <subfield code="a">Doporučeno pro bakalářské studium na VŠE v Praze</subfield>
  </datafield>
  <datafield tag="550" ind1=" " ind2=" ">
   <subfield code="a">Vydavatel: Vysoká škola ekonomická v Praze</subfield>
  </datafield>
  <datafield tag="650" ind1="0" ind2="7">
   <subfield code="a">demografie</subfield>
   <subfield code="7">ph117181</subfield>
   <subfield code="2">czenas</subfield>
  </datafield>
  <datafield tag="650" ind1="0" ind2="7">
   <subfield code="a">populační růst</subfield>
   <subfield code="7">ph124347</subfield>
   <subfield code="2">czenas</subfield>
  </datafield>
  <datafield tag="650" ind1="0" ind2="7">
   <subfield code="a">migrace obyvatelstva</subfield>
   <subfield code="7">ph115298</subfield>
   <subfield code="2">czenas</subfield>
  </datafield>
  <datafield tag="655" ind1=" " ind2="7">
   <subfield code="a">učební texty</subfield>
   <subfield code="7">fd133599</subfield>
   <subfield code="2">czenas</subfield>
  </datafield>
  <datafield tag="650" ind1="0" ind2="9">
   <subfield code="a">demography</subfield>
   <subfield code="2">eczenas</subfield>
  </datafield>
  <datafield tag="650" ind1="0" ind2="9">
   <subfield code="a">population growth</subfield>
   <subfield code="2">eczenas</subfield>
  </datafield>
  <datafield tag="650" ind1="0" ind2="9">
   <subfield code="a">migration</subfield>
   <subfield code="2">eczenas</subfield>
  </datafield>
  <datafield tag="655" ind1=" " ind2="9">
   <subfield code="a">educational texts</subfield>
   <subfield code="2">eczenas</subfield>
  </datafield>
  <datafield tag="700" ind1="1" ind2=" ">
   <subfield code="a">Šimpach, Ondřej</subfield>
   <subfield code="7">jo2013796555</subfield>
   <subfield code="4">aut</subfield>
  </datafield>
  <datafield tag="710" ind1="2" ind2=" ">
   <subfield code="a">Vysoká škola ekonomická v Praze.</subfield>
   <subfield code="b">Fakulta informatiky a statistiky</subfield>
   <subfield code="7">kn20010709399</subfield>
  </datafield>
  <datafield tag="993" ind1=" " ind2=" ">
   <subfield code="a">005972364</subfield>
  </datafield>
  <datafield tag="996" ind1=" " ind2=" ">
   <subfield code="1">PJMHS</subfield>
   <subfield code="3">Sc29349/5</subfield>
   <subfield code="4">N:vl. tisk</subfield>
   <subfield code="5">3142269631</subfield>
   <subfield code="8">20131017</subfield>
   <subfield code="9">314LAN</subfield>
   <subfield code="f">81</subfield>
   <subfield code="l">UEP01</subfield>
   <subfield code="m">BOOK</subfield>
   <subfield code="q">Studovna JM</subfield>
   <subfield code="t">na 1 měsíc</subfield>
   <subfield code="u">UEP01</subfield>
   <subfield code="w">20131129</subfield>
  </datafield>
  <datafield tag="996" ind1=" " ind2=" ">
   <subfield code="1">PJMSK</subfield>
   <subfield code="3">Sc29349/6</subfield>
   <subfield code="4">N:vl. tisk</subfield>
   <subfield code="5">3142269632</subfield>
   <subfield code="8">20131017</subfield>
   <subfield code="9">314LAN</subfield>
   <subfield code="f">81</subfield>
   <subfield code="l">UEP01</subfield>
   <subfield code="m">BOOK</subfield>
   <subfield code="q">Knihovna JM - sklad</subfield>
   <subfield code="t">na 1 měsíc</subfield>
   <subfield code="u">UEP01</subfield>
   <subfield code="w">20131017</subfield>
  </datafield>
  <datafield tag="996" ind1=" " ind2=" ">
   <subfield code="1">PSKLA</subfield>
   <subfield code="3">Sc29349/3</subfield>
   <subfield code="4">N:vl. tisk</subfield>
   <subfield code="5">3142269629</subfield>
   <subfield code="8">20131017</subfield>
   <subfield code="9">314LAN</subfield>
   <subfield code="f">81</subfield>
   <subfield code="l">UEP01</subfield>
   <subfield code="m">BOOK</subfield>
   <subfield code="q">Knihovna Žižkov - sklad</subfield>
   <subfield code="t">na 1 měsíc</subfield>
   <subfield code="u">UEP01</subfield>
   <subfield code="w">20131017</subfield>
  </datafield>
  <datafield tag="996" ind1=" " ind2=" ">
   <subfield code="1">PSKLA</subfield>
   <subfield code="3">Sc29349/4</subfield>
   <subfield code="4">N:vl. tisk</subfield>
   <subfield code="5">3142269630</subfield>
   <subfield code="8">20131017</subfield>
   <subfield code="9">314LAN</subfield>
   <subfield code="f">81</subfield>
   <subfield code="l">UEP01</subfield>
   <subfield code="m">BOOK</subfield>
   <subfield code="p">MI</subfield>
   <subfield code="q">Knihovna Žižkov - sklad</subfield>
   <subfield code="s">Právničce k vymáhání 3.3.2017; odpis17/1017;</subfield>
   <subfield code="t">na 1 měsíc</subfield>
   <subfield code="u">UEP01</subfield>
   <subfield code="v">Ztráta</subfield>
   <subfield code="w">20131017</subfield>
  </datafield>
  <datafield tag="996" ind1=" " ind2=" ">
   <subfield code="1">PSKLA</subfield>
   <subfield code="3">Sc29349/7</subfield>
   <subfield code="4">N:G</subfield>
   <subfield code="5">3142271393</subfield>
   <subfield code="8">20140117</subfield>
   <subfield code="9">314LAN</subfield>
   <subfield code="f">81</subfield>
   <subfield code="l">UEP01</subfield>
   <subfield code="m">BOOK</subfield>
   <subfield code="q">Knihovna Žižkov - sklad</subfield>
   <subfield code="t">na 1 měsíc</subfield>
   <subfield code="u">UEP01</subfield>
   <subfield code="w">20140117</subfield>
  </datafield>
  <datafield tag="996" ind1=" " ind2=" ">
   <subfield code="1">PSKLA</subfield>
   <subfield code="3">Sc29349/8</subfield>
   <subfield code="4">N:P</subfield>
   <subfield code="5">3142273245</subfield>
   <subfield code="8">20140305</subfield>
   <subfield code="9">314LAN</subfield>
   <subfield code="f">81</subfield>
   <subfield code="g">38540</subfield>
   <subfield code="l">UEP01</subfield>
   <subfield code="m">BOOK</subfield>
   <subfield code="q">Knihovna Žižkov - sklad</subfield>
   <subfield code="t">na 1 měsíc</subfield>
   <subfield code="u">UEP01</subfield>
   <subfield code="w">20140407</subfield>
  </datafield>
  <datafield tag="996" ind1=" " ind2=" ">
   <subfield code="1">PSKLA</subfield>
   <subfield code="3">Sc29349/9</subfield>
   <subfield code="4">N:náhrada</subfield>
   <subfield code="5">3142304865</subfield>
   <subfield code="8">20180313</subfield>
   <subfield code="9">314LAN</subfield>
   <subfield code="f">81</subfield>
   <subfield code="l">UEP01</subfield>
   <subfield code="m">BOOK</subfield>
   <subfield code="q">Knihovna Žižkov - sklad</subfield>
   <subfield code="t">na 1 měsíc</subfield>
   <subfield code="u">UEP01</subfield>
   <subfield code="w">20180313</subfield>
  </datafield>
  <datafield tag="996" ind1=" " ind2=" ">
   <subfield code="1">PSTUD</subfield>
   <subfield code="3">Sc29349</subfield>
   <subfield code="4">N:vl. tisk</subfield>
   <subfield code="5">3142269626</subfield>
   <subfield code="8">20131017</subfield>
   <subfield code="9">314LAN</subfield>
   <subfield code="f">85</subfield>
   <subfield code="l">UEP01</subfield>
   <subfield code="m">BOOK</subfield>
   <subfield code="q">Studovna Žižkov</subfield>
   <subfield code="t">prezenční</subfield>
   <subfield code="u">UEP01</subfield>
   <subfield code="w">20131022</subfield>
  </datafield>
  <datafield tag="996" ind1=" " ind2=" ">
   <subfield code="1">PSTUD</subfield>
   <subfield code="3">Sc29349/1</subfield>
   <subfield code="4">N:vl. tisk</subfield>
   <subfield code="5">3142269627</subfield>
   <subfield code="8">20131017</subfield>
   <subfield code="9">314LAN</subfield>
   <subfield code="f">81</subfield>
   <subfield code="l">UEP01</subfield>
   <subfield code="m">BOOK</subfield>
   <subfield code="q">Studovna Žižkov</subfield>
   <subfield code="t">na 1 měsíc</subfield>
   <subfield code="u">UEP01</subfield>
   <subfield code="w">20131022</subfield>
  </datafield>
  <datafield tag="996" ind1=" " ind2=" ">
   <subfield code="1">PSTUD</subfield>
   <subfield code="3">Sc29349/2</subfield>
   <subfield code="4">N:vl. tisk</subfield>
   <subfield code="5">3142269628</subfield>
   <subfield code="8">20131017</subfield>
   <subfield code="9">314LAN</subfield>
   <subfield code="f">81</subfield>
   <subfield code="l">UEP01</subfield>
   <subfield code="m">BOOK</subfield>
   <subfield code="q">Studovna Žižkov</subfield>
   <subfield code="t">na 1 měsíc</subfield>
   <subfield code="u">UEP01</subfield>
   <subfield code="w">20131022</subfield>
  </datafield>
 </record>
</collection>
